Normal view
MARC view
- Borwden, Mark
Entry Personal Name
001 - CONTROL NUMBER
- control field: 133798
003 - CONTROL NUMBER IDENTIFIER
- control field: NUST
005 - DATE AND TIME OF LATEST TRANSACTION
- control field: 20260331163504.0
008 - FIXED-LENGTH DATA ELEMENTS
- fixed length control field: 260331|| aca||aabn | a|a d
040 ## - CATALOGING SOURCE
- Original cataloging agency: NUST
- Transcribing agency: NUST
100 ## - HEADING--PERSONAL NAME
- Personal name: Borwden, Mark
670 ## - SOURCE DATA FOUND
- Source citation: Work cat.: (NUST): Borwden, Mark., Black Hawk Down A Story of Modern War /, 1999.
